Introduction to the theory and application of data envelopment analysis: a foundation text with integrated software

Na minha lista:
Detalhes bibliográficos
Autor principal: Thanassoulis, Emmanuel (Author)
Formato: Livro
Idioma:inglês
Publicado em: Norwell Kluwer Academic 2001
Assuntos:
Tags: Adicionar Tag
Sem tags, seja o primeiro a adicionar uma tag!

MARC

LEADER 00000nam a2200000 a 4500
001 UCM0160
003 CL-VaPUC
008 020125e20010000US |||||||||||||||||eng|d
082 0 4 |a 658.5036  |b THA  |2 21 
100 0 |a Thanassoulis, Emmanuel  |e author  |9 466844 
245 1 0 |a Introduction to the theory and application of data envelopment analysis: a foundation text with integrated software 
300 |a 281 p 
942 |c BK 
945 |d 20020125 00:00:00  |a cmena 
260 |a Norwell  |b Kluwer Academic  |c 2001 
500 |a Incluye Cd-Rom 
650 0 |a Gestión de la producción   |9 259467 
650 0 |a Toma de decisiones   |9 257530 
650 0 |a Gestión de la información   |9 362327 
650 0 |a Productividad   |9 335972 
583 |a last modification  |c 20020125 00:00:00  |k Rodrigo Vera 
999 |c 299201  |d 299199 
952 |0 0  |1 0  |4 0  |6 658_503600000000000_THA_2001  |7 0  |8 CCM  |9 355434  |a BIBCUR  |b BIBCUR  |d 2019-11-21  |i 3789438  |o 658.5036 THA 2001  |p 3789438  |r 2025-04-22  |w 2019-11-21  |y BK  |k CIM